000 00439nam a2200169 a 4500
001 0000-9374
003 ELIB.Books
008 110520 1974
035 _a(ELIB.Books)0000-9526
082 _a220.6
_bNew
100 _aNewport, John P.
245 _aWhy Christians fight over the Bible
260 _bNashville: Thomas Nelson Publishers
_c1974
650 _aBible
942 _2ddc
_cBK
998 _cbat
_e2011-05-20
999 _c9374
_d9374